00389nam a2200145Ia 450000500170000000800460001703700130006304000200007604100130009608400170010910000170012624500430014326000480018630000090023420250317123401.0008 250317s9999 xx 000 0 eng d aTextbook aFMSLbengcFMSL aeng2eng aB28 L1qFMSL aKempthorne O 0aProbality statistics and data analysis aLondonbLondon, Iowa State Universityc1971 a553p